Districts of Kırşehir (Kırşehir'in ilçeleri). - Statistics

General Stats
  • This quiz has been taken 45 times
  • The average score is 5 of 7
Answer Stats
Population (Nüfus) District (İlçe) % Correct
163.219 Merkez
93%
34.129 Kaman
85%
18.211 Mucur
85%
13.529 Çiçekdağı
81%
5.019 Boztepe
70%
3.519 Akçakent
63%
6.893 Akpınar
63%
No matching quizzes found
Score Distribution
Percent of People with Each Score
Percentile by Number Answered
Your Score History
You have not taken this quiz